Harta karun dalam gua
| Main Author: | |
|---|---|
| Format: | Book |
| Published: |
Kuala Lumpur :
Penerbitan Fargoes Sdn Bhd ,
2012
|
| Series: | Siri kanak-kanak harmoni
|
| Subjects: |
MARC
| LEADER | 00000cam a2200000 7i4500 | ||
|---|---|---|---|
| 001 | 0000067046 | ||
| 005 | 20161015.0 | ||
| 008 | 161015 | ||
| 020 | |a 9674170158 | ||
| 090 | 0 | 0 | |a JF |b JAW |
| 100 | 1 | |a Marzuki bin Manan | |
| 245 | 0 | 0 | |a Harta karun dalam gua |
| 260 | |a Kuala Lumpur : |b Penerbitan Fargoes Sdn Bhd , |c 2012 | ||
| 490 | 1 | |a Siri kanak-kanak harmoni | |
| 500 | |a Children ages 7-9 years old (orange) | ||
| 650 | 0 | |a Junior fiction |x jawi | |
| 999 | |a 0001260196 |b Book |c Children Collection |e Cawangan Segamat | ||
| 999 | |a 0001260203 |b Book |c Children Collection |e Cawangan Bandar Penawar | ||